Miró

Salvato in:
Dettagli Bibliografici
Autore principale: Penrose, Roland (Autore)
Natura: Libro
Lingua:spagnolo
Pubblicazione: Buenos Aires Viscontea 1983
Edizione:2a. ed
Serie:Los Grandes Pintores, 10
Soggetti:
Tags: Aggiungi Tag
Nessun Tag, puoi essere il primo ad aggiungerne!!

MARC

LEADER 00000cam a2200000 a 4500
001 UCV7659
003 CL-VaPUC
008 890518e19830000AG |||||||||||||||||spa|d
082 0 4 |a 750.06  |b PEN  |2 21 
100 0 |a Penrose, Roland  |e author  |9 301788 
245 1 0 |a Miró 
250 |a 2a. ed 
300 |a 22 p 
942 |c BK 
945 |d 19890518 00:00:00 
260 |a Buenos Aires  |b Viscontea  |c 1983 
600 0 7 |a MIRO, JOAN  |2 CL-VaPUC  |9 265299 
583 |a last modification  |c 20140319 06:44:56  |k Rodrigo Vera 
490 0 |a Los Grandes Pintores, 10 
999 |c 213302  |d 213300 
952 |0 0  |1 0  |4 0  |6 750_060000000000000_PEN_1983  |7 0  |8 A  |9 195558  |a BIBARQ  |b BIBARQ  |d 2019-11-14  |i 2635917  |l 1  |o 750.06 PEN 1983  |p 2635917  |r 2025-01-20  |s 2024-09-05  |w 2019-11-14  |y BK  |k ARQ 
952 |0 0  |1 0  |3 erb  |4 0  |6 750_060000000000000_PEN_1983  |7 0  |8 A  |9 195559  |a BIBART  |b BIBART  |i 5043743  |o 750.06 PEN 1983  |p 5043743  |r 2025-03-13  |w 2019-11-14  |y BK  |z Catalogado en:20140324  |k ART